Štáty v Strednej Európe - Statistics

General Stats
  • This quiz has been taken 22 times
  • The average score is 4 of 9
Answers on the Grid
Answers color-coded by a green-red scale on the quiz's grid according to % correct below.
Bielorusko
Česko
Chorvátsko
Čierna Hora
Dánsko
Francúzsko
Holandsko
Lichtenštajnsko
Litva
Maďarsko
Monako
Nemecko
Poľsko
Rakúsko
San Maríno
Slovensko
Slovinsko
Švajčiarsko
Ukrajina
Venezuela
 
Answer Stats
Answer % Correct
Česko
90%
Poľsko
50%
Slovensko
50%
Slovinsko
50%
Maďarsko
40%
Nemecko
40%
Rakúsko
40%
Lichtenštajnsko
20%
Švajčiarsko
20%
No matching quizzes found
Score Distribution
Percent of People with Each Score
Percentile by Number Answered
Your Score History
You have not taken this quiz